000 00424cam a2200181ua 4500
001 1221
008 110620n ii |||gr||||Z||||||eng
040 _cMAIN
082 _a339.01
245 1 _aMacro Economics.
_cBy K R Gupta.
250 _a3rd.
260 _aNew Delhi.:
_bAtma ram & sons.,976.
300 _a588 p.:
_c20 cm.
653 _aEconomics.
653 _aMacro economics.
700 1 _aGupta K R.,
942 _cBK
999 _c1128
_d1128